000 00888nam a22002297a 4500
008 240702b mp ||||| |||| 00| 0 mon d
035 _a13165
040 _aSU1322070
_bmon
_cMN-UlNLM
_dMN-UlNLM
_erda
041 _amon
042 _a40522
084 _2NNA
_a28.693.3
_bА-35
100 _aАйгнэр Э.
245 0 _aҮлэг гүрвэлүүд
264 _aУлаанбаатар
_bAdmon
300 _a10х.
336 _2rdacontent
_atext
_btxt
337 _2rdamedia
_aunmediated
_bn
338 _2rdacarrier
_avolume
_bnc
490 _aХүүхдийн танин мэдэхүйн цувралаас
650 _aҮлэг гүрвэлүүд Эртээ урьд цагт энэ дэлхий дээгүүр аварга том амьтад энд тэндгүй хөлхөн амьдарч байсан гэнэ. Тийнхүү амьдарч ба...
942 _2NNA
_cBK
999 _c1070761
_d1070818